00359 2200145 4500245003700000250001000037100001600047700002300063005001900086260005700105041001400162084001000176300001800186336000900204 aBibi Dan SolicEka YuliatihText aCet.1 aEka Yuliati aKhansa Dewi Karima a20240926091249 aJakartabKementerian Pendidikan dan Kebudayaanc2019 aIndonesia a741.5 a40 hlm :cpdf atext